Statistics for Российские Города По Их Старым Названиям

Click here to take the quiz!

General Stats

  • This quiz has been taken 31 times
  • The average score is 10 of 23

Answer Stats

Старое названиеСовременное название% Correct
ЛенинградСанкт-Петербург
100%
СвердловскЕкатеринбург
89%
СталинградВолгоград
89%
КëнигсбергКалининград
85%
НовониколаевскНовосибирск
70%
КуйбышевСамара
67%
ГорькийНижний Новгород
67%
ЕкатеринодарКраснодар
63%
Романов-на-МурманеМурманск
52%
ВяткаКиров
41%
ОрджоникидзеВладикавказ
41%
Иваново-ВознесенскИваново
33%
СимбирскУльяновск
30%
МолотовПермь
30%
Царское СелоПушкин
30%
БрежневНабережные Челны
30%
Ставрополь-ВолжскийТольятти
22%
ПетродворецПетергоф
22%
ПетровскМахачкала
22%
ТильзитСоветск
19%
АндроповРыбинск
15%
КалининТверь
11%
ПокровскЭнгельс
11%

Score Distribution

Percentile by Number Answered

Percent of People with Each Score

Your Score History

You have not taken this quiz